Update (Record no. 82871)
[ view plain ]
| 000 -LEADER | |
|---|---|
| fixed length control field | 01404cab a22002535a 4500 |
| 001 - CONTROL NUMBER | |
| control field | L151956 |
| 008 - FIXED-LENGTH DATA ELEMENTS--GENERAL INFORMATION | |
| fixed length control field | 110117e20101214xxk 000 0 eng d |
| 035 ## - SYSTEM CONTROL NUMBER | |
| System control number | (Sirsi) u151956 |
| 041 0# - LANGUAGE CODE | |
| Language code of text/sound track or separate title | eng |
| 100 1# - MAIN ENTRY--PERSONAL NAME | |
| Personal name | Archer, David |
| 245 00 - TITLE STATEMENT | |
| Title | Update |
| Remainder of title | insolvency |
| 260 ## - PUBLICATION, DISTRIBUTION, ETC. | |
| Date of publication, distribution, etc. | 2010 |
| 490 #0 - SERIES STATEMENT | |
| Series statement | Solicitors Journal |
| Volume/sequential designation | 154(47) 14 December 2010, 23-24(2) |
| 520 ## - SUMMARY, ETC. | |
| Summary, etc. | "BNY Corporate Trustee Limited v Eurosail" [2010] EWHC 2005 (Ch) offered guidance on exactly when a company is insolvent under the Insolvency Act 1986 s123(3) aka the 'balance sheet test'. "In re Frankice (Golders Green) Ltd and others" [2010] WLR (D)118 threw light on the operation of the moratorium afforded by administration. Scottish courts followed "Goldacre" (L149729) in ordering that rent was an expense of the administration of the tenant until the contractual expiry of the license. "Rubin v EuroFinance" [2010] EWCA Civ 895 held that the ordinary rules for enforcing foreign judgments in personam did not apply to bankruptcy proceedings. |
| 590 ## - LOCAL NOTE (RLIN) | |
| Local note | KA |
| 650 24 - SUBJECT ADDED ENTRY--TOPICAL TERM | |
| Topical term or geographic name entry element | GOLDACRE (OFFICES) LTD V NORTEL NETWORKS UK LTD |
| 650 24 - SUBJECT ADDED ENTRY--TOPICAL TERM | |
| Topical term or geographic name entry element | BNY CORPORATE TRUSTEE LTD V EUROSAIL |
| 650 24 - SUBJECT ADDED ENTRY--TOPICAL TERM | |
| Topical term or geographic name entry element | IN RE FRANKICE (GOLDERS GREEN) LTD AND OTHERS |
| 650 24 - SUBJECT ADDED ENTRY--TOPICAL TERM | |
| Topical term or geographic name entry element | INSOLVENCY ACT 1986 S123(3) |
| 650 24 - SUBJECT ADDED ENTRY--TOPICAL TERM | |
| Topical term or geographic name entry element | INSOLVENCY ACT 1986 SCH B1 PARA 43(6) |
| 651 #4 - SUBJECT ADDED ENTRY--GEOGRAPHIC NAME | |
| Geographic name | England and Wales |
| Chronological subdivision | 1543- |
| 690 ## - LOCAL SUBJECT ADDED ENTRY--TOPICAL TERM (OCLC, RLIN) | |
| Topical term or geographic name as entry element | MANAGEMENT-CORPORATE RECOVERY |
| 942 ## - ADDED ENTRY ELEMENTS (KOHA) | |
| Suppress in OPAC | 0 |
| Withdrawn status | Lost status | Source of classification or shelving scheme | Damaged status | Not for loan | Home library | Current library | Shelving location | Date acquired | Total Checkouts | Full call number | Barcode | Date last seen | Copy number | Price effective from | Koha item type |
|---|---|---|---|---|---|---|---|---|---|---|---|---|---|---|---|
| Dewey Decimal Classification | London | London | Journal article | 17/01/2011 | L151956 | 151956-1001 | 06/08/2019 | 1 | 06/08/2019 | Journal article |